000 02117nab a2200241 i 4500
003 BR-BrBNA
005 20250414074759.0
008 250414b2016 bl.qr|pooa||| 00| 0 por |
040 _aBR-BrBNA
_bpor
072 _aF70
100 _aSecco, Ricardo de S.
100 _aSilveira, João Barros da
245 _aFlora das cangas da Serra dos Carajás, Pará, Brasil: Phyllanthaceae
500 _aPublicação on-line; 9 ref.; 1 illus.; Summaries (En, Pt)
520 _a Resumo Um tratamento taxonômico para as espécies de Phyllanthaceae das cangas da Serra dos Carajás, no estado do Pará, é apresentado. O estudo foi baseado em coleções depositadas nos Herbários BHCB, IAN, INPA, MG e NY, além de amostras observadas no campo. Foram registradas cinco espécies de Phyllanthus, como seguem: Phyllanthus carolinensis, P. hyssopifoliodes, P. minutulus, P. orbiculatus e Phyllanthus stipulatus. São apresentadas descrições, chave taxonômica, ilustrações e comentários para as espécies. Palavras-chave: Amazônia, Euphorbiaceae, Phyllanthus, taxonomia. Abstract A taxonomic treatment of the species of Phyllanthaceae from the cangas (areas of iron-rich soils) of Serra dos Carajás, in Pará state, is presented. The study was based on collections deposited in the herbaria BHCB, IAN, INPA, MG and NY, as well as samples observed in the field. Five species of Phyllanthus were recorded (Phyllanthus carolinensis, P. hyssopifoliodes, P. minutulus, P. orbiculatus and Phyllanthus stipulates). Descriptions, a taxonomic key, illustrations and comments about the species are provided. Key words: Amazon, Euphorbiaceae, Phyllanthus, taxonomy.
650 _aAMAZÔNIA
650 _aEUPHORBIACEAE
650 _aTAXONOMIA
773 0 _0709
_9349694
_dRio de Janeiro-RJ Jardim Botanico do Rio de Janeiro 1935
_o2025-2214
_tRodriguésia (Brazil)
_x0370-6583; 2175-7860 on-line
_gv. 67(5 special number) p. 1437-1442; (2016)
_wBR2025000673
856 _uhttps://www.scielo.br/j/rod/a/k9T4Yy5WkbggnyQ8nDKy8jP/?format=pdf&lang=pt
942 _cANA
999 _c331006
_d331006